| 000 | 00638nam a22001937a 4500 | ||
|---|---|---|---|
| 005 | 20251108172143.0 | ||
| 008 | 250721s1995 xx 000 0 ara d | ||
| 082 | 1 | 4 | _a658.15/زيا |
| 100 | 1 | _aرمضان، زياد | |
| 245 | 1 | 0 | _aأساسيات في الإدارة المالية وفق المنهاج الذي أقره مجلس ..... / |
| 250 | _aط3 . ، مزيدة و منقحة | ||
| 264 | 1 |
_aعمان : _bدار صفاء للنشر و التوزيع، _c1995. |
|
| 300 | _a202ص | ||
| 650 | 1 | 7 | _aالإدارة |
| 650 | 1 | 7 | _aالتنظيم |
| 650 | 1 | 7 | _aالإدارة المالية |
| 942 |
_2ddc _cBK |
||
| 999 |
_c71797 _d71797 |
||